000 00456nam a2200181Ia 4500
001 3306
005 20260306145633.0
008 260306t2007||||xx |||||||||||||| ||spa||
041 _aESP
082 _a269
_bG22
100 _aGarcía Muñoz, Florencio
_eAUT
245 0 _aBenedicta de la Cruz:
_bEdith Stein, signo de contradicción
260 _c2007
300 _a352 páginas :
_c22 cm
650 _aGEN
654 _aCHU
942 _cLIB
_dJUS
_fJUS
_2ddc
_n
999 _c3306
_d3306